| 000 | 00959nac a22002291u 4500 | ||
|---|---|---|---|
| 008 | 100906t xxu||||| |||| 00| 0 eng d | ||
| 010 | _a2004555588 | ||
| 020 | _a0072229810 | ||
| 020 | _a0070587558 | ||
| 035 | _a(OCoLC)ocm55067599 | ||
| 082 | 0 | 0 |
_a005.133 _bP9451 |
| 100 |
_aPrice, Jason. _918220 |
||
| 245 | 1 | 0 |
_aOracle Database 10g SQL / _cJason Price. |
| 260 |
_aNew Delhi : _bMcGraw-Hill/Osbourne, _cc2004. |
||
| 300 |
_axxvi, 576 p. : _bill. ; _c24 cm. |
||
| 500 | _aIncludes index. | ||
| 650 | 0 |
_aSQL (Computer program language) _918221 |
|
| 856 | 4 | 2 |
_3Publisher description _uhttp://www.loc.gov/catdir/enhancements/fy0621/2004555588-d.html |
| 856 | 4 | 2 |
_3Table of contents _uhttp://www.loc.gov/catdir/enhancements/fy0621/2004555588-t.html |
| 942 |
_cBB _k005.133P9451 _2ddc |
||
| 999 |
_c568 _d568 |
||